000 00715nam a22001937a 4500
001 BD-DhSAU 10114
003 BD-DhSAU
005 20150626125832.0
008 150626b1981 bg ||||r|||| 000 0 ben d
040 _aBD-DhSAU
082 _222
_a---
_bফারুমু
100 _aফারুকী, রশীদ আল
245 _aমুসলিম মানস :
_cরশীদ আল ফারুকী
_bসংঘাত ও প্রতিক্রিয়া /
260 _aঢাকা :
_bজাতীয় সাহিত্য প্রকাশনী,
_c১৯৮১.
300 _a১০৬ পৃ. :
_c২২ সেমি
590 _ajoy
650 _aউপন্যাস
942 _2ddc
_cBOOK
999 _c10114
_d10113